header

Dialogues on relativism, absolutism, and beyond (Record no. 242958)

MARC details
000 -LEADER
fixed length control field 01387nam a2200361Ia 4500
082 04 - DEWEY DECIMAL CLASSIFICATION NUMBER
Classification number 149
100 1# - MAIN ENTRY--AUTHOR NAME
Personal name Krausz, Michael.
245 10 - TITLE STATEMENT
Title Dialogues on relativism, absolutism, and beyond
260 ## - PUBLICATION, DISTRIBUTION, ETC. (IMPRINT)
Place of publication Lanham, MD :
Name of publisher Rowman & Littlefield Publishers,
Year of publication 2010.
300 ## - PHYSICAL DESCRIPTION
Number of Pages vii, 131 p.
490 1# - SERIES STATEMENT
Series statement New dialogues in philosophy
650 #0 - SUBJECT ADDED ENTRY--TOPICAL TERM
Topical Term Relativity.
Topical Term Absolute, The.
Topical Term Philosophy, Indic.
856 40 - ELECTRONIC LOCATION AND ACCESS
Uniform Resource Identifier http://site.ebrary.com/lib/rucke/Doc?id=10437343

No items available.

© 2026 Rongo University
Contact us: librarian | system librarian | Rongo university